| 000 | 00484nam a22001577a 4500 | ||
|---|---|---|---|
| 020 | _a9788121903325 | ||
| 082 |
_a692.5 _bKOH _cMCE-L38,P-123 |
||
| 100 |
_aKohli ,D.D _951536 |
||
| 245 |
_aText book of Estimating and costing civil quantity surveying _bincluding accounts and building bye laws |
||
| 250 | _a1st ed. | ||
| 260 |
_aNew Delhi:. _bS.Chand. _c2018 |
||
| 300 | _a495P. | ||
| 526 |
_a0 _b0 _c0 _d692_500000000000000_KOH |
||
| 700 |
_aAr. R.C. Kohli. _951537 |
||
| 942 |
_2ddc _cBK |
||
| 999 |
_c554225 _d554225 |
||